Chansons de Pink Floyd - Mort Subite - Statistiques

Statistiques générales
  • Ce quiz a été pris 241 fois
  • Le résultat moyen est 11 sur 20
Answers on the Grid
Answers color-coded by a green-red scale on the quiz's grid according to % correct below.
Another Brick In The Wall, Pt.2
Another Brick In The Wall, Pt.4
Any Colour You Like
Atom Heart Mother
Brain Damage
Comfortably Numb
Goodbye Blue Sky
Have A Cigar
Hey You
If
In The Flesh
Man On The Prowl
Matilda Mother
Milk It
Money
N.I.B
Ogre Battle
Orchid
Paranoid
Rain Must Fall
Rooster
Scentless Apprentice
Speak To Me
Tear It Up
The Great Gig In The Sky
The Show Must Go On
Time
Us And Them
Vera
Very Ape
Whether
Wish You Were Here
Young Lust
 
Statistiques - réponses
Réponse % Correct
Another Brick In The Wall, Pt.2
97%
Comfortably Numb
76%
Wish You Were Here
73%
Money
71%
The Great Gig In The Sky
69%
Hey You
68%
Have A Cigar
63%
Atom Heart Mother
62%
Brain Damage
62%
Time
61%
Us And Them
61%
In The Flesh
56%
Goodbye Blue Sky
55%
Any Colour You Like
54%
Speak To Me
49%
Young Lust
44%
If
39%
Vera
28%
The Show Must Go On
26%
Matilda Mother
24%
Aucun quiz correspondant
Distribution des résultats
% des personnes avec chaque résultat
Percentile par nombre de réponses
Votre historique - résultats
Vous n’avez pas pris ce quiz